000
00262 a2200109 4500
001
66121
040
_c
Anchieta - Pituba
240
1
0
_a
Festival de redação 2014
_l
245
1
0
_a
Festival de redação 2014
650
4
_a
Línguas espanhola e portuguesa
942
_c
MX
999
_c
66121
_d
66121